Zagłada Kresów 1939

Titel: Zagłada Kresów 1939 / Ryszard Jan Czarnowski
Verfasser:
Ausgabe: Wydanie I
Veröffentlicht: Warszawa : Oficyna Wydawnicza RYTM, [2022]
Umfang: 169 Seiten : Illustrationen, Faksimiles, Porträts ; 24 cm
Format: Buch
Sprache: Polnisch
Schlagworte:
ISBN: 9788373999640
Buchumschlag
X
alg: 51035625
001A    $03004:04-08-23 
001B    $01999:13-12-24 $t00:17:01.000 
001D    $03004:16-08-23 
001U    $0utf8 
001X    $00 
002@    $0Aau 
002C    $aText $btxt $2rdacontent 
002D    $aohne Hilfsmittel zu benutzen $bn $2rdamedia 
002E    $aBand $bnc $2rdacarrier 
003@    $0510356257 
004A    $A978-83-7399-964-0 
006C    $01362877310 $aOCoLC 
007A    $01823281087 $aKXP 
007G    $0DE020379CCF6CDA2D6DC8C1258A760038B4AB 
009P    $qapplication/pdf $3Literaturverzeichnis $uhttp://bvbr.bib-bvb.de:8991/F?func=service&doc_library=BVB01&local_base=BVB01&doc_number=034025969&sequence=000003&line_number=0002&func_code=DB_RECORDS&service_type=MEDIA $mDigitalisierung BSB München 19 - ADAM Catalogue Enrichment 
009P    $qapplication/pdf $A2 $3Inhaltsverzeichnis $uhttp://scans.hebis.de/HEBCGI/show.pl?51035625_toc.pdf $mV:DE-603;B:DE-Mb50 
009P    $qapplication/pdf $A2 $3Buch Bibliographie $uhttp://scans.hebis.de/HEBCGI/show.pl?51035625_bib.pdf $mV:DE-603;B:DE-Mb50 
009P    $qapplication/pdf $A2 $3Cover $uhttp://scans.hebis.de/HEBCGI/show.pl?51035625_cov.pdf $mV:DE-603;B:DE-Mb50 
010@    $apol 
010E    $erda 
011@    $a2022 $n[2022] 
011F    $n©2022 
021A    $aZagłada Kresów 1939 $hRyszard Jan Czarnowski 
028A    $BVerfasser $4aut $71140610686 $8Czarnowski, Ryszard Jan$Z20./21. Jh. [Tp3] $9417316380 
032@    $aWydanie I 
033A    $pWarszawa $nOficyna Wydawnicza RYTM 
034D    $a169 Seiten 
034I    $a24 cm 
034M    $aIllustrationen, Faksimiles, Porträts 
037A    $aLiteraturverzeichnis: Seite 169 
044K    $qBVB $RPolen $#Ostpolen $#Kresy Wschodnie $#Polen, Ost $74238028-5 $8Polnische Ostgebiete [Tg1] $9086247123 
044K    $qBVB $RBesatzungspolitik $RBesatzungsmacht $RBesetzte Gebiete $#Military occupation $#Occupation militaire $#Occupazione bellica $#Invasion $#Besatzung Völkerrecht $#Okkupation $74006020-2 $8Besetzung [Ts1] $9085008095 
044K    $qBVB $RRossijskaja Social'-Demokratičeskaja Rabočaja Partija (Bol'ševikov) $RRussische SFSR $RSowjetunion $#Raboče-Krestʹjanskaja Krasnaja Armija Sowjetunion $#Sowjetunion, Krasnaja Armija $#Krasnaja Armija Sowjetunion $#Sowjetunion, Red Army $#Red Army Sowjetunion $#Sowjetunion, Armée rouge $#Armée rouge Sowjetunion $#Sowjetunion, Rote Armee $#Rote Armee Sowjetunion $#RKKA SSSR $7130443-4 $8Sowjetunion$bRaboče-Krestʹjanskaja Krasnaja Armija [Tb1] $9040793427 
045F    $a355.0094709043 $eDDC22BSB 
045F/01 $a355.009 
045F/03 $f09043 
045F/03 $g47 
045F/03 $g438 
045G    $a306.094709043 $eDDC22BSB 
045G/01 $a306.09 
045G/03 $f09043 
045G/03 $g47 
045G/03 $g438 
045R    $aGeschichte 1939 
045T    $aOST $qDE-12 $2FID 

lok: 51035625 24

exp: 51035625 24 1 #EPN
201B/01 $016-08-23 $t10:00:33.000 
201C/01 $004-08-23 
201U/01 $0utf8 
203@/01 $01240476019 
208@/01 $a16-08-23 $bz 
209A/01 $a23.02762 $du $f050 $h23 02762 $x00 
209C/01 $a23.02762 K $h23 02762 K 
209G/01 $a74799825 $x00 
220C/01 $abar/hae 
247C/01 $8358050-7 Marburg, Bibliothek des Herder-Instituts Marburg $9102600961 

lok: 51035625 78

exp: 51035625 78 1 #EPN
201B/01 $001-07-24 $t13:35:05.000 
201C/01 $001-07-24 
201U/01 $0utf8 
203@/01 $01266147454 
208@/01 $a01-07-24 $be 
209A/01 $a/ $f000 $x00 
209A/01 $ab*p $x01 
220C/01 $apgar 
244Z/01 $#Generalgouvernement Polen $#Polska $#Rzeczpospolita Polska $#Polska Rzeczpospolita Ludowa $#Poland $#Pologne $#République Polonaise $#Generalne Gubernatorstwo w Polsce $#Polish People's Republic $#Polska Rzeczpospolita Polen $#PRL $#RP $#Polen Generalgouvernement $#Polska Generalgouvernement $#Besetzte Polnische Gebiete $#Besetztes Gebiet in Polen $#Okupowane Polskie Obszary $#Obszary Okupowane w Polsce $#Volksrepublik Polen $#Polska Rosyjska $#Republic Polen $#Respublika Pol'ša $#Pol'skaja Narodnaja Respublika $#République de Pologne $#Polen Links der Weichsel $#Polska po Lewej Stronie Wisły $#Lenkija $#Polija $#Gubernija Carstva Pol'skago $#Republik Polen $74046496-9 $8--Tg1--Polen $x01 $9085129801 
247C/01 $82080>Marburg/Lahn, Herder-Institut, Forschungsbibliothek, Bibliographieportal $9336309341
LEADER 00000cam a2200000 c 4500
001 510356257
003 DE-603
005 20241213001701.0
007 tu
008 230804s2022 xx |||| | u00||u|pol c
020 |a 9788373999640 
035 |a (DE-599)KXP1823281087 
040 |a DE-603  |b ger  |c DE-603  |d DE-603  |e rda 
041 |a pol 
082 0 4 |8 1\u  |a 355.0094709043  |q DE-101  |2 22/BSB 
083 0 |8 2\u  |a 306.094709043  |q DE-101  |2 22/BSB 
084 |a OST  |q DE-12  |2 fid 
085 |8 1\u  |b 355.009 
085 |8 1\u  |z 1  |s 09043 
085 |8 1\u  |z 2  |s 47 
085 |8 1\u  |z 2  |s 438 
085 |8 2\u  |b 306.09 
085 |8 2\u  |z 1  |s 09043 
085 |8 2\u  |z 2  |s 47 
085 |8 2\u  |z 2  |s 438 
100 1 |a Czarnowski, Ryszard Jan  |d 20./21. Jh.  |e Verfasser  |4 aut  |0 (DE-603)417316380  |0 (DE-588)1140610686  |2 gnd 
245 0 0 |a Zagłada Kresów 1939  |c Ryszard Jan Czarnowski 
250 |a Wydanie I 
264 1 |a Warszawa  |b Oficyna Wydawnicza RYTM  |c [2022] 
264 4 |c ©2022 
300 |a 169 Seiten  |b Illustrationen, Faksimiles, Porträts  |c 24 cm 
336 |a Text  |b txt  |2 rdacontent 
337 |a ohne Hilfsmittel zu benutzen  |b n  |2 rdamedia 
338 |a Band  |b nc  |2 rdacarrier 
500 |a Literaturverzeichnis: Seite 169 
610 1 7 |a Sowjetunion  |b Raboče-Krestʹjanskaja Krasnaja Armija  |2 gnd  |0 (DE-588)130443-4  |0 (DE-603)040793427 
648 7 |a Geschichte 1939  |2 gnd 
650 7 |a Besetzung  |0 (DE-588)4006020-2  |0 (DE-603)085008095  |2 gnd 
651 7 |a Polnische Ostgebiete  |0 (DE-588)4238028-5  |0 (DE-603)086247123  |2 gnd 
856 4 2 |m Digitalisierung BSB München 19 - ADAM Catalogue Enrichment  |q application/pdf  |u http://bvbr.bib-bvb.de:8991/F?func=service&doc_library=BVB01&local_base=BVB01&doc_number=034025969&sequence=000003&line_number=0002&func_code=DB_RECORDS&service_type=MEDIA  |3 Literaturverzeichnis 
856 4 2 |m V:DE-603;B:DE-Mb50  |q application/pdf  |u http://scans.hebis.de/HEBCGI/show.pl?51035625_toc.pdf  |3 Inhaltsverzeichnis 
856 4 2 |m V:DE-603;B:DE-Mb50  |q application/pdf  |u http://scans.hebis.de/HEBCGI/show.pl?51035625_bib.pdf  |3 Buch Bibliographie 
856 4 2 |m V:DE-603;B:DE-Mb50  |q application/pdf  |u http://scans.hebis.de/HEBCGI/show.pl?51035625_cov.pdf  |3 Cover 
924 0 |9 Mb 50  |a (DE-603)1240476019  |b DE-Mb50  |c HES  |d c  |g 23.02762 
924 0 |9 2080  |a (DE-603)1266147454  |b DE-2080  |c HES  |d d  |g /